[Event "Dresden ZMD op-A 21st"]
[Site "Dresden"]
[Date "2012.08.26"]
[Round "9"]
[White "Boettger, Lukas"]
[Black "Strunski, Andreas"]
[Result "1/2-1/2"]
[WhiteElo "2251"]
[BlackElo "2349"]
[PlyCount "95"]
[EventDate "2012.08.18"]
[EventType "swiss"]
[EventRounds "9"]
[EventCountry "GER"]
[SourceTitle "CBM 150 Extra"]
[Source "ChessBase"]
[SourceDate "2012.10.19"]
[SourceVersion "1"]
[SourceVersionDate "2012.10.19"]
[SourceQuality "1"]

1. d4 Nf6 2. c4 g6 3. Nc3 Bg7 4. e4 d6 5. f3 0-0 6. Be3 c5 7. Nge2 Nc6 8. d5 Ne5 9. Ng3 h5 10. Be2 e6 11. 0-0 exd5 12. cxd5 Nh7 13. Qd2 f5 14. exf5 Bxf5 15. Nxf5 gxf5 16. h3 Ng6 17. Bd3 a6 18. Rae1 b5 19. Bf2 Ne5 20. f4 Nxd3 21. Qxd3 Rf7 22. Re6 Nf8 23. Re2 Qd7 24. Rfe1 b4 25. Nd1 Qb5 26. Qf3 Rc8 27. Re7 Rxe7 28. Rxe7 Re8 29. Rxe8 Qxe8 30. b3 Nh7 31. Ne3 Bd4 32. Nc2 Bxf2+ 33. Kxf2 Nf6 34. Ne3 Qg6 35. Qe2 Qh6 36. Kf3 h4 37. Qxa6 Kh7 38. Qc8 Qh5+ 39. Kf2 Ne4+ 40. Kg1 Ng3 41. Qd7+ Kg8 42. Qd8+ Kf7 43. Kh2 Qe2 44. Qxh4 Qxe3 45. Qxg3 Qe4 46. Qf3 Qxf3 47. gxf3 Kg6 48. Kg2 1/2-1/2

[Event "Dresden ZMD op-A 21st"]
[Site "Dresden"]
[Date "2012.08.24"]
[Round "7"]
[White "Neef, Maximilian"]
[Black "Strunski, Andreas"]
[Result "1/2-1/2"]
[WhiteElo "2265"]
[BlackElo "2349"]
[PlyCount "48"]
[EventDate "2012.08.18"]
[EventType "swiss"]
[EventRounds "9"]
[EventCountry "GER"]
[SourceTitle "CBM 150 Extra"]
[Source "ChessBase"]
[SourceDate "2012.10.19"]
[SourceVersion "1"]
[SourceVersionDate "2012.10.19"]
[SourceQuality "1"]

1. c4 Nf6 2. Nc3 c6 3. d4 d5 4. e3 e6 5. Nf3 Nbd7 6. Qc2 Bd6 7. e4 dxe4 8. Nxe4 Nxe4 9. Qxe4 Qa5+ 10. Bd2 Bb4 11. Bd3 Bxd2+ 12. Nxd2 c5 13. a3 cxd4 14. Qxd4 Qe5+ 15. Qxe5 Nxe5 16. Be2 Bd7 17. f4 Ng6 18. 0-0 0-0-0 19. Rad1 Bc6 20. g3 Ne7 21. Kf2 h6 22. Nb3 Nf5 23. Bf3 Kc7 24. Nc5 Bxf3 1/2-1/2

[Event "Dresden ZMD op-A 21st"]
[Site "Dresden"]
[Date "2012.08.22"]
[Round "5"]
[White "Szabo, Krisztian"]
[Black "Strunski, Andreas"]
[Result "1-0"]
[WhiteElo "2548"]
[BlackElo "2366"]
[PlyCount "85"]
[EventDate "2012.08.18"]
[EventType "swiss"]
[EventRounds "9"]
[EventCountry "GER"]
[SourceTitle "EXT 2014"]
[Source "ChessBase"]
[SourceDate "2013.11.20"]
[SourceVersion "1"]
[SourceVersionDate "2013.11.20"]
[SourceQuality "1"]

1. e4 c5 2. Nf3 e6 3. d4 cxd4 4. Nxd4 a6 5. c4 Nf6 6. Nc3 Qc7 7. a3 b6 8. Be3 Bb7 9. f3 d6 10. Be2 Nbd7 11. 0-0 Be7 12. Qd2 0-0 13. b4 Rac8 14. Rac1 Qb8 15. Kh1 Rfe8 16. Rc2 Bd8 17. Na4 Be7 18. Bg1 Kh8 19. Rb1 Qa8 20. Qc1 Bd8 21. Be3 Be7 22. Nb3 Nxe4 23. Nxb6 Nxb6 24. Bxb6 Nf6 25. Na5 Bd8 26. Nxb7 Qxb7 27. Bf2 Nd7 28. Qd2 Bb6 29. Bg3 d5 30. Rd1 Qc6 31. Rdc1 Qa4 32. cxd5 Rxc2 33. Qxc2 Qxa3 34. dxe6 Nf8 35. Qc3 Qxc3 36. Rxc3 a5 37. exf7 Ra8 38. bxa5 Rxa5 39. h4 g6 40. Rc8 Kg7 41. Bd6 Bf2 42. Rxf8 Bg3 43. Rg8+ 1-0

[Event "Dresden ZMD op-A 21st"]
[Site "Dresden"]
[Date "2012.08.21"]
[Round "4"]
[White "Strunski, Andreas"]
[Black "Jaracz, Pawel"]
[Result "1/2-1/2"]
[WhiteElo "2349"]
[BlackElo "2530"]
[PlyCount "40"]
[EventDate "2012.08.18"]
[EventType "swiss"]
[EventRounds "9"]
[EventCountry "GER"]
[SourceTitle "CBM 150 Extra"]
[Source "ChessBase"]
[SourceDate "2012.10.19"]
[SourceVersion "1"]
[SourceVersionDate "2012.10.19"]
[SourceQuality "1"]

1. d4 e6 2. c4 Bb4+ 3. Bd2 a5 4. Nc3 Nf6 5. Qc2 d6 6. Nf3 0-0 7. a3 Bxc3 8. Bxc3 b6 9. e4 c5 10. 0-0-0 cxd4 11. Nxd4 Bb7 12. f3 Qe7 13. h4 Rd8 14. h5 Nbd7 15. h6 g6 16. Qd2 e5 17. Nb5 Ne8 18. Kb1 Nc5 19. Bd3 Rac8 20. Bc2 Bc6 1/2-1/2

[Event "Dresden ZMD op-A 21st"]
[Site "Dresden"]
[Date "2012.08.20"]
[Round "3"]
[White "Vogel, Roven"]
[Black "Strunski, Andreas"]
[Result "0-1"]
[WhiteElo "2043"]
[BlackElo "2349"]
[PlyCount "108"]
[EventDate "2012.08.18"]
[EventType "swiss"]
[EventRounds "9"]
[EventCountry "GER"]
[SourceTitle "CBM 150 Extra"]
[Source "ChessBase"]
[SourceDate "2012.10.19"]
[SourceVersion "1"]
[SourceVersionDate "2012.10.19"]
[SourceQuality "1"]

1. e4 c5 2. Nf3 a6 3. c4 d6 4. d4 Bg4 5. dxc5 Qa5+ 6. Nc3 Qxc5 7. Be3 Qa5 8. a3 Nd7 9. b4 Qd8 10. Qa4 Bxf3 11. gxf3 Ngf6 12. Rd1 e6 13. Rg1 Rc8 14. Be2 Rc6 15. f4 b5 16. cxb5 Rxc3 17. bxa6 Be7 18. Rxg7 Kf8 19. Rg3 Nxe4 20. a7 Rc8 21. Rg1 Nc3 22. Qa6 Nxd1 23. Bxd1 f5 24. Bf3 Kf7 25. Bh5+ Kf6 26. Bd4+ Ne5 27. Qe2 Qc7 28. Bb2 Rhg8 29. fxe5+ dxe5 30. Rxg8 Rxg8 31. Bxe5+ Qxe5 32. Qxe5+ Kxe5 33. Bf3 Kd4 34. Kd2 Bg5+ 35. Kc2 Bh4 36. a8Q Rxa8 37. Bxa8 Bxf2 38. Kd2 e5 39. Bc6 Bg1 40. Bd7 f4 41. Bf5 h6 42. Bg4 Bxh2 43. Ke2 e4 44. b5 Ke5 45. Kf2 Bg3+ 46. Ke2 Bh4 47. b6 Bd8 48. b7 Bc7 49. a4 Bb8 50. Bh5 Ba7 51. Bg4 Kf6 52. Bh3 f3+ 53. Kf1 Ke5 54. Bd7 Kf4 0-1

[Event "Pardubice Czech op-A 23rd"]
[Site "Pardubice"]
[Date "2012.07.28"]
[Round "9"]
[White "Strunski, Andreas"]
[Black "Feldtmann, Thomas"]
[Result "1/2-1/2"]
[WhiteElo "2366"]
[BlackElo "2257"]
[PlyCount "41"]
[EventDate "2012.07.12"]
[EventType "swiss"]
[EventRounds "9"]
[EventCountry "CZE"]
[SourceTitle "CBM 149 Extra"]
[Source "ChessBase"]
[SourceDate "2012.08.24"]
[SourceVersion "1"]
[SourceVersionDate "2012.08.24"]
[SourceQuality "1"]

1. d4 Nf6 2. c4 e6 3. Nc3 Bb4 4. Qc2 0-0 5. Bg5 d5 6. a3 Bxc3+ 7. bxc3 c5 8. Nf3 h6 9. Bxf6 Qxf6 10. e3 b6 11. Rd1 Bb7 12. cxd5 cxd4 13. cxd4 Rc8 14. Qb1 Bxd5 15. e4 Bb7 16. Bd3 Nc6 17. e5 Qe7 18. Qb2 Na5 19. Qb4 Qxb4+ 20. axb4 Nc4 21. Be2 1/2-1/2

[Event "Pardubice Czech op-A 23rd"]
[Site "Pardubice"]
[Date "2012.07.21"]
[Round "2"]
[White "Strunski, Andreas"]
[Black "Hasangatin, Ramil"]
[Result "0-1"]
[WhiteElo "2366"]
[BlackElo "2504"]
[PlyCount "50"]
[EventDate "2012.07.12"]
[EventType "swiss"]
[EventRounds "9"]
[EventCountry "CZE"]
[SourceTitle "CBM 149 Extra"]
[Source "ChessBase"]
[SourceDate "2012.08.24"]
[SourceVersion "1"]
[SourceVersionDate "2012.08.24"]
[SourceQuality "1"]

1. Nf3 d5 2. d4 c6 3. c4 dxc4 4. e3 Be6 5. a4 Nf6 6. Nc3 g6 7. Ng5 Bd5 8. e4 h6 9. exd5 hxg5 10. dxc6 Nxc6 11. d5 Na5 12. Bxg5 Bh6 13. f4 Qb6 14. Qe2 0-0-0 15. 0-0-0 Qc5 16. Ne4 Nxe4 17. Qxe4 Bxg5 18. fxg5 e6 19. d6 Rxd6 20. Rxd6 Qxd6 21. Bxc4 Qc5 22. b3 Nxb3+ 23. Kb2 Nd2 24. Bxe6+ fxe6 25. Qxe6+ Kb8 0-1

[Event "Stuttgart-ch op-A"]
[Site "Ditzingen"]
[Date "2012.05.19"]
[Round "5"]
[White "Strunski, Andreas"]
[Black "Wenninger, Philipp"]
[Result "1-0"]
[WhiteElo "2362"]
[BlackElo "2205"]
[PlyCount "85"]
[EventDate "2012.05.17"]
[EventType "swiss"]
[EventRounds "7"]
[EventCountry "GER"]
[SourceTitle "EXT 2015"]
[Source "ChessBase"]
[SourceDate "2014.11.20"]
[SourceVersion "1"]
[SourceVersionDate "2014.11.20"]
[SourceQuality "1"]

1. Nf3 Nf6 2. c4 c6 3. d4 d5 4. e3 a6 5. Bd3 Bg4 6. Nbd2 e6 7. b3 c5 8. Bb2 Nc6 9. dxc5 Bxc5 10. 0-0 d4 11. exd4 Bxd4 12. Bxd4 Nxd4 13. h3 Bh5 14. Re1 0-0 15. Re3 Qc7 16. g4 Nxf3+ 17. Qxf3 Bg6 18. Bxg6 hxg6 19. Ne4 Nxe4 20. Rxe4 Rad8 21. Rd1 Qc6 22. Rd3 Qb6 23. Ree3 Qc7 24. Kg2 Rfe8 25. Rxd8 Rxd8 26. Rd3 Rxd3 27. Qxd3 f5 28. Qd4 Kf7 29. f4 Qc6+ 30. Kg3 Qc7 31. g5 Qc6 32. Kf2 a5 33. c5 Qb5 34. Ke3 Qf1 35. Qd7+ Kf8 36. Qc8+ Kf7 37. Qxb7+ Kg8 38. c6 Qc1+ 39. Kd4 e5+ 40. fxe5 Qf4+ 41. Kc5 Qxe5+ 42. Kb6 Qd4+ 43. Ka6 1-0